00730nam a2200253 a 4500001001300000003000900013005001700022008004100039020000900080082002000089100001800109245003200127260003900159300000900198500003500207505002400242650003500266650001300301700001800314902000800332942000700340952011200347999001700459nice12345678IN_TiNIC20260116013453.0050524s1984 bana grp 000 0 eng  ac2000a324.245408bSES aSeshadri, H V aHindu Renaissance Under Way aBangalorebJagrana Prakashanc1984 a206p aincludes index and biblioraphy2 aBibliography, Index aReligious Fundamentalism-Hindu aHindutva1 aSeshadri, H V bSRS cBK 00104070aHMIbHMId2007-04-11g20.00l2o324.245408 SESp017838r2026-03-05s2026-02-10w2026-01-16yEB c11107d11107